Vodná turistika - splavy

Salvato in:
Dettagli Bibliografici
Autore principale: Janík, Ján, 1959-
Natura: Capitolo di libro
Lingua:slovacco
Soggetti:
Tags: Aggiungi Tag
Nessun Tag, puoi essere il primo ad aggiungerne!!

MARC

LEADER 00000naa$a2200000$$$4500
001 0306556
005 20251028110248.8
041 0 |a slo 
044 |a SK 
245 1 0 |a Vodná turistika - splavy  |c Ján Janík 
500 |a Abstrakt 
610 2 0 |a šport 
610 2 0 |a turistika 
610 2 0 |a voda 
100 1 |a Janík, Ján, 1959-